Εισαγωγή στην ελληνική λαογραφία

Αποθηκεύτηκε σε:
Λεπτομέρειες βιβλιογραφικής εγγραφής
Κύριος συγγραφέας: Λουκάτος, Δημήτρης Σωτ., 1908-2003
Μορφή: Βιβλίο
Γλώσσα:Greek
Δημοσίευση: Αθήνα : Μορφωτικό Ιδρυμα Εθνικής Τραπέζης, c1977.
Θέματα:
Ετικέτες: Προσθήκη ετικέτας
Δεν υπάρχουν, Καταχωρήστε ετικέτα πρώτοι!

MARC

LEADER 00000cam a2200000 i 4500
001 1/72816
008 960507s1977 gr | ||| |||| ||gre||
035 |a 1989  |b 1  |c Δωρεά  |l 10031347 
035 |a 1986  |c Αγορά  |l 10031130 
040 |a GR-MyUa  |b gre  |e AACR2 
041 0 |a gre 
082 7 |a 398.09495   |2 (22) 
082 7 |a 390.09495   |2 (21) 
100 1 |a Λουκάτος, Δημήτρης Σωτ.,   |d 1908-2003. 
245 1 0 |a Εισαγωγή στην ελληνική λαογραφία /   |c Δημητρίου Σ. Λουκάτου. 
260 |a Αθήνα :   |b Μορφωτικό Ιδρυμα Εθνικής Τραπέζης,   |c c1977. 
300 |a 351 σ. ;   |c 23 εκ. 
500 |a Τα Παράρτηματα Χίου και Ρόδου διαθέτουν την 2η επανέκδοση του 1978. 
500 |a Τα Παραρτήματα Λέσβου, Ρόδου και Σύρου διαθέτουν την 3η επανέκδοση του 1985. 
504 |a Περιέχει βιβλιογραφία και ευρετήριο. 
650 0 |a Folk literature. 
650 0 |a Folk literature, Greek. 
650 0 |a Oral tradition  |z Greece. 
650 0 |a Folklore  |z Greece. 
651 0 |a Greece  |x Social life and customs. 
852 |a INST  |b CHIOS  |e 19961206  |h 390.09495 ΛΟΥ  |p 005200004978  |q 005200004978  |t BK  |y 0 
852 |a INST  |b CHIOS  |e 19961206  |h 390.09495 ΛΟΥ  |p 005200004979  |q 005200004979  |t BK  |y 0 
852 |a INST  |b LESVOS  |e 19950405  |h 390.09495 ΛΟΥ  |p 005100001777  |q 005100001777  |t BK  |y 0 
852 |a INST  |b LESVOS  |e 19950406  |h 390.09495 ΛΟΥ  |p 005100004023  |q 005100004023  |t BK  |y 0 
852 |a INST  |b RHODES  |e 19960719  |h 398.09495 ΛΟΥ  |p 005400002383  |q 005400002383  |t BK  |y 0 
852 |a INST  |b RHODES  |e 19960507  |h 398.09495 ΛΟΥ  |p 005400004162  |q 005400004162  |t BK  |y 0 
852 |a INST  |b RHODES  |e 19960507  |h 398.09495 ΛΟΥ  |p 005400004163  |q 005400004163  |t BK  |y 0 
852 |a INST  |b RHODES  |e 19960507  |h 398.09495 ΛΟΥ  |p 005400004164  |q 005400004164  |t BK  |y 0 
852 |a INST  |b RHODES  |e 19960507  |h 398.09495 ΛΟΥ  |p 005400004165  |q 005400004165  |t BK  |y 0 
852 |a INST  |b RHODES  |e 19960507  |h 398.09495 ΛΟΥ  |p 005400004166  |q 005400004166  |t BK  |y 0 
852 |a INST  |b RHODES  |c KRI  |e 20050927  |h  398.09495 ΛΟΥ  |p 005400028595  |q 005400028595  |t BK  |y 0 
852 |a INST  |b SYROS  |e 20040511  |h 390.09495 ΛΟΥ  |p 005500002896  |q 005500002896  |t BK  |y 0 
901 |a BIBL5-2004-2 
970 |a Βόικου  |b Χρυσάνθη  |z 11/05/2004